000 00797nam a22002177a 4500
999 _c7356
_d7356
003 AR-CdUCM
008 190320b ||||| |||| 00| 0 spa d
040 _aMUNICIPALIDAD PROVINCIAL DEL CUSCO
_cBIBLIOTECA MUNICIPAL DEL CUSCO
082 _22ed.
_a910 /
_bG38
100 _aGeorge, Pierre
_97618
245 _aGeografía de la población /
260 _aBarcelona :
_bOikos-tau,
_c1979.
300 _a125 páginas ;
_c18 cm.
440 _a¿que es?
_n43
_920727
505 _aLa distribución de la población -- Diversidad y desigual ocupación -- Población y desigualdad de desarrollo -- Las formas de afinamiento de la población...
650 _aPoblación.
_93673
650 _aDistribución de la población.
_920728
650 _aGeografía.
_9318
942 _2ddc
_cLIBROS
945 _awfj